Suzuki Car Models Worldwide 2024-25 - Statistics

General Stats
  • This quiz has been taken 185 times
    66 since last reset
  • The average score is 14 of 33
Answer Stats
Hint Answer % Correct
Subcompact Hatchback Swift
87%
Subcompact Crossover Grand Vitara
82%
Subcompact Crossover EV eVitara
76%
Subcompact Crossover Vitara/Escudo
76%
Mini SUV Jimny
74%
Kei Car Alto
55%
Kei Car Alto Lapin
55%
Subcompact Hatchback Ignis
50%
Compact Crossover S-Cross
50%
Subcompact Hatchback Baleno
47%
Kei Truck Carry
42%
Kei Van Every
37%
Kei Van Every Wagon
37%
Kei Car Hustler
37%
Kei Car Wagon R
37%
Kei Car Wagon R Smile
37%
Kei Car Wagon R Stingray
37%
Compact Crossover PHEV Across
34%
Kei Car Spacia
34%
Kei Car Spacia Custom
34%
Kei Car Spacia Gear
34%
Compact Wagon Hybrid Swace
34%
Subcompact Crossover S-Presso
32%
City Car Celerio/Clutus
29%
Kei Car Solio
29%
Kei Car Solio Bandit
29%
Compact Crossover XL7
29%
Compact MPV APV
26%
Compact Sedan Ciaz
26%
Commercial Truck Mega Carry
26%
Mini MPV Ertiga
24%
Midsize MPV Landy
24%
Kei Car Xbee
24%
No matching quizzes found
Score Distribution
Percent of People with Each Score
Percentile by Number Answered
Your Score History
You have not taken this quiz since the last reset